World population prospects: the 2004 revision (Record no. 83262)

MARC details
000 -LEADER
fixed length control field 01354nam a2200253 a 4500
008 - FIXED-LENGTH DATA ELEMENTS--GENERAL INFORMATION
fixed length control field 080417s2006 ||||||||||||||||| || u
020 ## - INTERNATIONAL STANDARD BOOK NUMBER
International Standard Book Number 9211514096
050 ## - LIBRARY OF CONGRESS CALL NUMBER
Classification number UN-ESA(058)
110 ## - MAIN ENTRY--CORPORATE NAME
Corporate name or jurisdiction name as entry element United Nations Economic and Social Affairs (UNESA)
245 10 - TITLE STATEMENT
Title World population prospects: the 2004 revision
Statement of responsibility, etc. by United Nations Economic and Social Affairs [UN-ESA]
246 ## -
-- sex and age distribution of the world population
260 ## - PUBLICATION, DISTRIBUTION, ETC.
Place of publication, distribution, etc. New York:
Name of publisher, distributor, etc. UNITED NATIONS
Date of publication, distribution, etc. 2006
300 ## - PHYSICAL DESCRIPTION
Extent ci, 195p.: ill.
350 ## -
-- 0.00
362 1# -
-- <p>Vol. I Comprehensive Tables; Vol. II Sex and Age Distribution of the World Population; Vol. III Analytical Report</p>
650 ## - SUBJECT ADDED ENTRY--TOPICAL TERM
Topical term or geographic name entry element SEX DISTRIBUTION (DEMOGRAPHY)
650 ## - SUBJECT ADDED ENTRY--TOPICAL TERM
Topical term or geographic name entry element POPULATION--ANALYTICAL REPORT
650 #0 - SUBJECT ADDED ENTRY--TOPICAL TERM
Topical term or geographic name entry element AGE DISTRIBUTION (DEMOGRAPHY)
650 #0 - SUBJECT ADDED ENTRY--TOPICAL TERM
Topical term or geographic name entry element POPULATION
650 #0 - SUBJECT ADDED ENTRY--TOPICAL TERM
Topical term or geographic name entry element AFRICA--ECONOMIC CONDITIONS
995 ## -
-- SPECIAL COLLECTIONS
-- 565
-- CBU-MAIN LIBRARY (Kitwe)
-- 0.00
-- UN-ESA(058)WPP/2004C
-- 3
-- AVAILABLE
-- Mar 5, 2013
-- B565
-- International Publications
995 ## -
-- SPECIAL COLLECTIONS
-- 0.00
-- 52442
-- CBU-MAIN LIBRARY (Kitwe)
-- 1
-- 0.00
-- UN-ESA(058)WPP/2004B
-- 2
-- AVAILABLE
-- Jul 31, 2006
-- 52442
-- International Publications
995 ## -
-- SPECIAL COLLECTIONS
-- 0.00
-- 52753
-- CBU-MAIN LIBRARY (Kitwe)
-- 1
-- 0.00
-- UN-ESA(058)WPP/2004A
-- 1
-- AVAILABLE
-- Oct 25, 2006
-- 52753
-- International Publications
999 ## -
-- 83262
-- 83262
Holdings
Withdrawn status Lost status Source of classification or shelving scheme Damaged status Not for loan Permanent Location Current Location Shelving location Date acquired Total Checkouts Full call number Barcode Date last seen Copy number Price effective from Koha item type
          CBU-MAIN LIBRARY, KITWE. CBU-MAIN LIBRARY, KITWE.   10/25/2023   UN-ESA(058)/2004C B565 10/25/2023 1 10/25/2023 SPECIAL COLLECTION
          CBU-MAIN LIBRARY, KITWE. CBU-MAIN LIBRARY, KITWE.   10/25/2023   UN-ESA(058)/2004B 52442 10/25/2023 2 10/25/2023 SPECIAL COLLECTION
          CBU-MAIN LIBRARY, KITWE. CBU-MAIN LIBRARY, KITWE.   10/25/2023   UN-ESA(058)/2004A 52753 10/25/2023 3 10/25/2023 SPECIAL COLLECTION